[Event "Poti op 14th"]
[Site "Poti"]
[Date "2019.07.19"]
[Round "8"]
[White "Melkonyan, Vardan"]
[Black "Buniatyan, David"]
[Result "1/2-1/2"]
[WhiteElo "2232"]
[BlackElo "2014"]
[PlyCount "101"]
[EventDate "2019.07.13"]
[EventType "swiss"]
[EventRounds "9"]
[EventCountry "GEO"]
[SourceTitle "EXT 2020"]
[Source "ChessBase"]
[SourceDate "2019.10.17"]
[SourceVersion "1"]
[SourceVersionDate "2019.10.17"]
[SourceQuality "1"]

1. d4 Nf6 2. Bg5 Ne4 3. Bf4 d5 4. Nd2 Bf5 5. Ngf3 e6 6. Nxe4 Bxe4 7. e3 Bd6 8. Bg3 c5 9. c3 Nc6 10. Qb3 0-0 11. Qxb7 Na5 12. Qa6 Bxg3 13. hxg3 Rb8 14. b3 Qc7 15. Rc1 cxd4 16. Nxd4 Nb7 17. b4 Nd6 18. f3 Nf5 19. Nxf5 Bxf5 20. g4 Bg6 21. Kf2 Rxb4 22. cxb4 Qxc1 23. Qxa7 h6 24. b5 Rc8 25. Kg3 Qe1+ 26. Kh3 Bd3 27. Qd7 Rf8 28. b6 g5 29. Kh2 Bxf1 30. Qc7 Qf2 31. Rxf1 Qxf1 32. b7 Qb5 33. a4 Qxa4 34. b8Q Rxb8 35. Qxb8+ Kg7 36. Qe5+ Kh7 37. Qf6 Qe8 38. Kg1 Qg8 39. Qc3 Qg7 40. Qc2+ Qg6 41. Qc3 Qb1+ 42. Kh2 Qb8+ 43. Kg1 Qg3 44. Kf1 Qh2 45. Qc2+ Kg7 46. Qc3+ f6 47. Qc6 Qe5 48. Qd7+ Kf8 49. Qd8+ Kf7 50. Qd7+ Kf8 51. Qd8+ 1/2-1/2

[Event "Moscow op-A 14th"]
[Site "Moscow"]
[Date "2018.02.04"]
[Round "9"]
[White "Shuvalov, Evgenij"]
[Black "Buniatyan, David"]
[Result "1-0"]
[WhiteElo "2241"]
[BlackElo "1853"]
[PlyCount "49"]
[EventDate "2018.01.27"]
[EventType "swiss"]
[EventRounds "9"]
[EventCountry "RUS"]
[SourceTitle "CBM 182 Extra"]
[Source "ChessBase"]
[SourceDate "2018.02.23"]
[SourceVersion "1"]
[SourceVersionDate "2018.02.23"]
[SourceQuality "1"]

1. Nf3 d6 2. d4 f5 3. g3 Nf6 4. Bg2 g6 5. 0-0 Bg7 6. b3 0-0 7. Bb2 Ne4 8. c4 Nc6 9. Nbd2 Nxd2 10. Qxd2 e5 11. d5 Ne7 12. Rfd1 h6 13. c5 g5 14. cxd6 cxd6 15. Nxe5 Bxe5 16. Bxe5 dxe5 17. d6 Nc6 18. d7 e4 19. Qd5+ Kg7 20. g4 fxg4 21. Bxe4 Qf6 22. Qc5 Ne7 23. Rac1 Ng6 24. Bxg6 Kxg6 25. Qxf8 1-0

[Event "Moscow op-A 14th"]
[Site "Moscow"]
[Date "2018.02.03"]
[Round "8"]
[White "Lauda, Alexandr"]
[Black "Buniatyan, David"]
[Result "1-0"]
[WhiteElo "2008"]
[BlackElo "1853"]
[PlyCount "119"]
[EventDate "2018.01.27"]
[EventType "swiss"]
[EventRounds "9"]
[EventCountry "RUS"]
[SourceTitle "CBM 182 Extra"]
[Source "ChessBase"]
[SourceDate "2018.02.23"]
[SourceVersion "1"]
[SourceVersionDate "2018.02.23"]
[SourceQuality "1"]

1. e4 c5 2. Nf3 d6 3. d4 cxd4 4. Nxd4 Nf6 5. Nc3 a6 6. a4 e5 7. Nde2 Be7 8. h3 Be6 9. g4 Nc6 10. Bg2 0-0 11. Be3 Rb8 12. 0-0 b5 13. axb5 axb5 14. Nd5 Bxd5 15. exd5 Na5 16. b3 b4 17. Ng3 Nb7 18. Nf5 g6 19. Nxe7+ Qxe7 20. Bg5 Kg7 21. f4 e4 22. Qd4 Nc5 23. Ra7 Qxa7 24. Bxf6+ Kg8 25. Ra1 Qb6 26. f5 Nd7 27. Qxb6 Rxb6 28. Be7 Re8 29. f6 Nc5 30. Ra7 Rb7 31. Rxb7 Nxb7 32. Bxe4 Rc8 33. Bd3 Nc5 34. Bb5 Ne4 35. Bc6 Nd2 36. Kf2 Nb1 37. Ke3 Nc3 38. Kd4 Ne2+ 39. Kc4 g5 40. Bxd6 Nf4 41. Bxf4 gxf4 42. Kd4 h5 43. Ke4 hxg4 44. hxg4 Kh7 45. Kxf4 Kg6 46. Ke5 Kg5 47. Kd6 Kxf6 48. Kc5 Rb8 49. d6 Ke6 50. d7 Ke7 51. Bb5 Rg8 52. Kxb4 Rxg4+ 53. c4 f5 54. Ka5 Kd8 55. Kb6 Rg6+ 56. Kb7 f4 57. c5 f3 58. c6 Rxc6 59. Bxc6 f2 60. Bb5 1-0

[Event "Moscow op-A 14th"]
[Site "Moscow"]
[Date "2018.02.02"]
[Round "7"]
[White "Buniatyan, David"]
[Black "Poliakov, Artem"]
[Result "0-1"]
[WhiteElo "1853"]
[BlackElo "2153"]
[PlyCount "48"]
[EventDate "2018.01.27"]
[EventType "swiss"]
[EventRounds "9"]
[EventCountry "RUS"]
[SourceTitle "CBM 182 Extra"]
[Source "ChessBase"]
[SourceDate "2018.02.23"]
[SourceVersion "1"]
[SourceVersionDate "2018.02.23"]
[SourceQuality "1"]

1. e4 d6 2. d4 Nf6 3. Nc3 e5 4. Nf3 Nbd7 5. g4 Nxg4 6. Rg1 Ngf6 7. Bc4 h6 8. Be3 c6 9. dxe5 dxe5 10. Qd3 b5 11. Bb3 Qa5 12. 0-0-0 Ba6 13. Nd2 0-0-0 14. Qe2 b4 15. Bc4 bxc3 16. Bxa6+ Kc7 17. Kb1 cxd2 18. f4 Nxe4 19. Bxd2 Nxd2+ 20. Rxd2 Bb4 21. c3 Bxc3 22. bxc3 Qb6+ 23. Rb2 Qxg1+ 24. Kc2 Rb8 0-1

[Event "Moscow op-A 14th"]
[Site "Moscow"]
[Date "2018.01.30"]
[Round "4"]
[White "Shaydullina, Sandugach"]
[Black "Buniatyan, David"]
[Result "1-0"]
[WhiteElo "2211"]
[BlackElo "1853"]
[PlyCount "61"]
[EventDate "2018.01.27"]
[EventType "swiss"]
[EventRounds "9"]
[EventCountry "RUS"]
[SourceTitle "CBM 182 Extra"]
[Source "ChessBase"]
[SourceDate "2018.02.23"]
[SourceVersion "1"]
[SourceVersionDate "2018.02.23"]
[SourceQuality "1"]

1. d4 Nf6 2. c4 c5 3. d5 b5 4. cxb5 a6 5. b6 d6 6. Nc3 g6 7. a4 Qxb6 8. a5 Qc7 9. e4 Bg7 10. Nf3 Bg4 11. Qa4+ Bd7 12. Qb3 0-0 13. Bc4 Re8 14. 0-0 e6 15. Bg5 exd5 16. exd5 Ne4 17. Nxe4 Rxe4 18. Nd2 Re8 19. Rfe1 f6 20. Bf4 f5 21. Bf1 Rxe1 22. Rxe1 Bb5 23. Bxb5 axb5 24. Qxb5 Nd7 25. Re7 Rd8 26. Nc4 Be5 27. Bxe5 dxe5 28. Nb6 e4 29. Rxd7 Rxd7 30. Nxd7 Qf4 31. Qb8+ 1-0

[Event "Moscow op-A 14th"]
[Site "Moscow"]
[Date "2018.01.28"]
[Round "2"]
[White "Syrchikov, Alexander"]
[Black "Buniatyan, David"]
[Result "1/2-1/2"]
[WhiteElo "2399"]
[BlackElo "1853"]
[PlyCount "84"]
[EventDate "2018.01.27"]
[EventType "swiss"]
[EventRounds "9"]
[EventCountry "RUS"]
[SourceTitle "CBM 182 Extra"]
[Source "ChessBase"]
[SourceDate "2018.02.23"]
[SourceVersion "1"]
[SourceVersionDate "2018.02.23"]
[SourceQuality "1"]

1. d4 c5 2. e3 cxd4 3. exd4 d5 4. Nf3 Nf6 5. Bd3 Nc6 6. c3 Qc7 7. 0-0 Bg4 8. Bg5 e6 9. Nbd2 Be7 10. Re1 0-0 11. Qc2 h6 12. Bh4 Rfc8 13. a3 Bxf3 14. Nxf3 Rab8 15. Bg3 Bd6 16. Bxd6 Qxd6 17. Qe2 Nd7 18. Rad1 Na5 19. Nd2 Nb6 20. Bb1 Nac4 21. Nxc4 Nxc4 22. Qc2 g6 23. Rd3 Qe7 24. Qc1 Qg5 25. f4 Qf6 26. Rh3 h5 27. Rg3 Nd6 28. Re5 Kg7 29. Qf1 Re8 30. Rxh5 Nf5 31. Bxf5 exf5 32. Rhh3 Qe6 33. Rf3 Re7 34. Rf2 Rbe8 35. Rd3 Qc6 36. Rd1 Re4 37. h3 R8e6 38. Kh2 Qe8 39. c4 Re1 40. Rxe1 Rxe1 41. Qd3 Qe4 42. Qxe4 Rxe4 1/2-1/2

[Event "Moscow op-A 14th"]
[Site "Moscow"]
[Date "2018.01.27"]
[Round "1"]
[White "Buniatyan, David"]
[Black "Pogosyan, Stefan"]
[Result "1/2-1/2"]
[WhiteElo "1853"]
[BlackElo "2312"]
[PlyCount "81"]
[EventDate "2018.01.27"]
[EventType "swiss"]
[EventRounds "9"]
[EventCountry "RUS"]
[SourceTitle "CBM 182 Extra"]
[Source "ChessBase"]
[SourceDate "2018.02.23"]
[SourceVersion "1"]
[SourceVersionDate "2018.02.23"]
[SourceQuality "1"]

1. e4 c5 2. Nf3 Nc6 3. b3 d5 4. exd5 Qxd5 5. Nc3 Qd8 6. Bb5 Bd7 7. 0-0 e6 8. Re1 Nf6 9. Bb2 Be7 10. Ne4 0-0 11. Bf1 Nxe4 12. Rxe4 Bf6 13. d4 Qc7 14. Ba3 cxd4 15. Bxf8 Rxf8 16. Nxd4 Bxd4 17. Rxd4 Nxd4 18. Qxd4 e5 19. Qxa7 Qxc2 20. Qxb7 Qc3 21. Rd1 Bg4 22. Rd3 Qa1 23. Qe4 f5 24. Qc4+ Kh8 25. Rd2 e4 26. Qd4 Qc1 27. Qe3 Qb1 28. Qc5 Re8 29. h3 Bd1 30. Qxf5 Bc2 31. Qf7 Rg8 32. Kh2 Bxb3 33. axb3 Qxf1 34. Rd7 h6 35. Re7 Qd3 36. Re8 Rxe8 37. Qxe8+ Kh7 38. Qe6 Qd4 39. Qf5+ Kg8 40. Qc8+ Kh7 41. Qc2 1/2-1/2

[Event "World School-ch U13"]
[Site "Sochi"]
[Date "2016.12.11"]
[Round "9"]
[White "Babayan, Arman S"]
[Black "Buniatyan, David"]
[Result "0-1"]
[WhiteElo "1607"]
[BlackElo "1664"]
[PlyCount "27"]
[EventDate "2016.12.03"]
[EventType "swiss"]
[EventRounds "9"]
[EventCountry "RUS"]
[SourceTitle "EXT 2018"]
[Source "ChessBase"]
[SourceDate "2017.10.13"]
[SourceVersion "1"]
[SourceVersionDate "2017.10.13"]
[SourceQuality "1"]

1. e4 c5 2. Nc3 d6 3. g3 Nc6 4. Bg2 g6 5. d3 Bg7 6. Be3 e5 7. Nge2 Nge7 8. 0-0 0-0 9. Qd2 Be6 10. h3 Nd4 11. f4 Qd7 12. Kh2 Rac8 13. Rad1 Nxe2 14. Qxe2 0-1